Statistiken für Deutsche Spieler mit den meisten Einsätzen in der Premier League

Klicken Sie hier um das Quiz zu spielen!

Allgemein

  • Dieses Quiz wurde 119 mal gespielt
  • Das Durchschnittsergebnis liegt bei 12 aus 25

Antwortstatistiken

SpieleVereineSpieler% Korrekt
120Chelsea, Arsenal*Kai Havertz
90%
188Man Cityİlkay Gündoğan
83%
66Chelsea, Tottenham*Timo Werner
82%
220Brighton*Pascal Groß
80%
184ArsenalMesut Özil
76%
156ArsenalPer Mertesacker
75%
169Arsenal, Fulham*Bernd Leno
72%
105ChelseaMichael Ballack
72%
322Chelsea, Middlesbrough,
Stoke, Leicester
Robert Huth
63%
148ArsenalJens Lehmann
61%
133ChelseaAntonio Rüdiger
51%
90Man CityLeroy Sane
48%
268Newcastle, Liverpool,
Man City
Dietmar Hamann
47%
115LiverpoolEmre Can
40%
98Brentford*Vitaly Janelt
39%
102ArsenalShkodran Mustafi
34%
68Chelsea, FulhamAndré Schürrle
32%
117Aston Villa, West Ham,
Everton
Thomas Hitzlsperger
22%
73LeedsRobin Koch
21%
67Liverpool, BlackburnMarkus Babbel
13%
92Middlesbrough, Liverpool,
Tottenham
Christian Ziege
12%
74HuddersfieldChristopher Schindler
11%
116Tottenham, LeicesterSteffen Freund
11%
102Man City, SouthamptonUwe Rösler
11%
125FulhamMoritz Volz
7%

Verteilung der Resultate

Perzentil nach korrekt beantworteten Fragen

Anzahl Personen mit jedem Resultat

Ihre Resultats-Entwicklung

Sie haben dieses Quiz noch nicht gespielt